000
00341 a2200157 4500
001
47554
020
_a
9788506082829
040
_c
Anchieta - Aquarius
100
_a
Major, Lenia
240
1
0
_a
Ele é meu irmão!
_l
por
245
1
0
_a
Ele é meu irmão!
300
_a
31 p.
362
0
_a
2018
650
4
_a
Literatura infantil
942
_c
BK
999
_c
47554
_d
47554